000 00690nam a22002417a 4500
003 UA-OsUOA
001 52685
007 ta
008 20150721b un ||||| |||| 00| 0 ukr d
100 _aЗелінський В. (ген. полк.)
090 _a09.-82-94
_bЗ-48
942 _cBK
040 _aUA-OsUOA
_bukr
_cUA-OsUOA
_dUA-OsUOA
245 _aСиньожупанники
300 _a76 с.
955 _a1
041 _aukr
080 _a09.-82-94
260 _aБерлін
_c1938
650 7 _a0 Загальний відділ.
_2UDC
999 _c432799
_d432799